书目信息 |
| 题名: |
拳击运动教程
|
|
| 作者: | 刘卫军 主编 | |
| 分册: | ||
| 出版信息: | 北京 北京体育大学出版社 2005 |
|
| 页数: | 199页 | |
| 开本: | 28cm | |
| 丛书名: | ||
| 单 册: | ||
| 中图分类: | G886.1 | |
| 科图分类: | ||
| 主题词: | 拳击--教材 , 拳击 | |
| 电子资源: | ||
| ISBN: | 7-81100-428-3 | |
| 000 | 00745nam0 2200229 450 | |
| 001 | 010700014882 | |
| 005 | 20061112142032.62 | |
| 010 | @a7-81100-428-3@dCNY26.00 | |
| 100 | @a20051210d2005 em y0chiy0110 ea | |
| 101 | 0 | @achi |
| 102 | @aCN@b110000 | |
| 105 | @aa z 000yy | |
| 200 | 1 | @a拳击运动教程@9quan ji yun dong jiao cheng@f刘卫军主编 |
| 210 | @a北京@c北京体育大学出版社@d2005 | |
| 215 | @a199页@c图@d28cm | |
| 330 | @a本书为拳击运动通用教程,全书包括拳击运动的历史发展、基本技术、教学理论与方法、训练理论与方法、竞赛规则、科研方法,以及运动损伤的预防与治疗。 | |
| 606 | 0 | @a拳击@j教材 |
| 606 | 0 | @a拳击 |
| 690 | @aG886.1@v4 | |
| 701 | 0 | @a刘卫军@9liu wei jun@4主编 |
| 801 | 0 | @aCN@bRENTIAN@c20061112 |
| 905 | @a10447@dG886.1@e43 | |
| 拳击运动教程/刘卫军主编.-北京:北京体育大学出版社,2005 |
| 199页:图;28cm |
| ISBN 7-81100-428-3:CNY26.00 |
| 本书为拳击运动通用教程,全书包括拳击运动的历史发展、基本技术、教学理论与方法、训练理论与方法、竞赛规则、科研方法,以及运动损伤的预防与治疗。 |
| ● |
| 相关链接 |
|
|
|
|
正题名:拳击运动教程
索取号:G886.1/43
 
预约/预借
| 序号 | 登录号 | 条形码 | 馆藏地/架位号 | 状态 | 备注 |
| 1 | 0384338 | 203843387 | 第一样本阅览室/ [索取号:G886.1/43] | 在馆 | |
| 2 | 0384339 | 203843396 | 第四借阅区/ [索取号:G886.1/43] |
已借出,限还日期为2024.06.03 借出人:冯剑军 |
|
| 3 | 0384340 | 203843403 | 第四借阅区/ [索取号:G886.1/43] | 在馆 | |
| 4 | 0384341 | 203843412 | 第四借阅区/ [索取号:G886.1/43] | 在馆 | |
| 5 | 0384342 | 203843421 | 第四借阅区/ [索取号:G886.1/43] | 在馆 |